000 00398nam a22001577a 4500
003 OSt
005 20260423113532.0
008 260423b |||||||| |||| 00| 0 eng d
020 _a9789354512650
040 _cIIMT COLLEGE OH PHARMACY GREATER NOIDA
100 _aTIWARI,, BHISHEK
245 _aPHARMACEUTICAL CHEMISTRY
260 _aNEW DELHI
_bNIRALI
_c2025
300 _a301
942 _2ddc
_c06
999 _c67928
_d67928